| 000 | 00651nam a22001697a 4500 | ||
|---|---|---|---|
| 020 | _qHard Cover. | ||
| 082 | _a621.3 | ||
| 100 | _aMuhammad Haroon ; Umer Imran ; Muhammad Faisal Zahoor | ||
| 245 |
_aCHAPERONE (Where Al Meets Athlectics) _cMuhammad Haroon ; Umer Imran ; Muhammad Faisal Zahoor. |
||
| 260 |
_aIslamabad : _bSEECS - NUST, _c2019. |
||
| 300 |
_a70 p. : ill. ; _c30cm. |
||
| 650 |
_aElectrical (Electronics)Engineering-Project Report. _9111476 |
||
| 700 |
_aDr. Muhammad Shahazad. _930908 |
||
| 856 | _uhttp://10.250.8.41:8080/xmlui/handle/123456789/29164 | ||
| 942 |
_2ddc _cPR |
||
| 999 |
_c535952 _d535952 |
||